000 00358nam a22001457a 4500
003 OSt
020 _a818333085
040 _c0
_d0
082 _222
_a621.38456
100 _aJain, Saurabh,
245 _aMobile Phone Programming :
_bUsing java me /
260 _aNew Delhi,
_bBPB Publication,
_cc2009.
300 _ax, 491 p. ;
_bill. ;
_c24 cm.
942 _2ddc
_cIT
999 _c4885
_d4885